Introduction to labour and industrial laws/ (Record no. 150304)

MARC details
000 -LEADER
fixed length control field 00867nam a22002297a 4500
003 - CONTROL NUMBER IDENTIFIER
control field dpl
005 - DATE AND TIME OF LATEST TRANSACTION
control field 20180309152054.0
008 - FIXED-LENGTH DATA ELEMENTS--GENERAL INFORMATION
fixed length control field 180309b xxu||||| |||| 00| 0 eng d
020 ## - INTERNATIONAL STANDARD BOOK NUMBER
Terms of availability 650.00
International Standard Book Number 9789350359396
035 ## - SYSTEM CONTROL NUMBER
System control number B-663868
040 ## - CATALOGING SOURCE
Original cataloging agency dpl
Language of cataloging English
Transcribing agency dpl
082 14 - DEWEY DECIMAL CLASSIFICATION NUMBER
Classification number 344.5401
100 1# - MAIN ENTRY--PERSONAL NAME
Personal name Avtar Singh
245 ## - TITLE STATEMENT
Title Introduction to labour and industrial laws/
Statement of responsibility, etc by Avtar Singh [and] Harpreet Kaur
260 ## - PUBLICATION, DISTRIBUTION, ETC. (IMPRINT)
Place of publication, distribution, etc Gurgaon
Name of publisher, distributor, etc LexisNexis
Date of publication, distribution, etc 2017
270 ## - ADDRESS
Address 14th floor, building no 10, tower-b,DLF cyber city, phase-II
City Gurgaon
300 ## - PHYSICAL DESCRIPTION
Extent lxvi, 1025p
Dimensions 24cm (pbk)
500 ## - GENERAL NOTE
General note includes index
700 ## - ADDED ENTRY--PERSONAL NAME
Personal name Kaur, Harpreet
942 ## - ADDED ENTRY ELEMENTS (KOHA)
Institution code [OBSOLETE] dpl
Koha item type English Books
Source of classification or shelving scheme Dewey Decimal Classification
Classification part 344.5401
Call number suffix AVT
Holdings
Withdrawn status Lost status Source of classification or shelving scheme Damaged status Not for loan Collection code Home library Current library Date acquired Source of acquisition Cost, normal purchase price Total Checkouts Total Renewals Full call number Barcode Date last seen Date checked out Copy number Cost, replacement price Price effective from Koha item type
    Dewey Decimal Classification     Non-fiction Ashok Vihar Ashok Vihar 09/03/2018 Bookwell/1032/25.2.2017/EN/AV/405/15.2.2017/1.3.2017 650.00 15 5 344.5401 SIN B-663868 05/07/2023 27/06/2023 1 650.00 09/03/2018 English Books

© Delhi Public Library
Hit Counter
free hit counter